The Art of Computer Game Design : Reflections of a Master Game Designer /

Obra en que se pone especial énfasis en la dimensión artística de los juegos por computadora, señalando su diseño como un proceso creativo, no tanto como una técnica.

Gardado en:
Detalles Bibliográficos
Autor Principal: Crawford, Chris (autor)
Formato: Libro
Idioma:inglés
Publicado: Berkeley, EUA : McGraw-Hill, 1984, c1984
Temas:
Etiquetas: Engadir etiqueta
Sen Etiquetas, Sexa o primeiro en etiquetar este rexistro!

MARC

LEADER 00000nam^a2200000^a^4500
001 000000639
005 20250521000000.0
009 20260310083036.318
020 |a 0-88134-117-7 
037 |a Acervo ITESO - Biblioteca 
041 |a ING 
082 |a 794. 8151  |b CRA 
100 |a Crawford, Chris  |e (autor) 
245 1 4 |a The Art of Computer Game Design :  |b Reflections of a Master Game Designer /  |c C. Crawford. 
264 4 |a Berkeley, EUA :  |b McGraw-Hill,  |c 1984, c1984 
300 |a XIV, 113 p. 
336 |a texto  |b txt  |2 rdacontenido 
337 |a sin mediación  |b n  |2 rdamedio 
338 |a volumen  |b nc  |2 rdasoporte 
520 |a Obra en que se pone especial énfasis en la dimensión artística de los juegos por computadora, señalando su diseño como un proceso creativo, no tanto como una técnica. 
649 |a XX 
650 |a Videojuegos 
650 |a Paquetes (Software) 
650 |a Programación (Software) 
650 |a Desarrollo de Sistemas 
650 |a Sistemas Computacionales 
650 |a Ingeniería Computacional 
910 |a Fondo General 
920 |a Impresos - Libros 
930 |a Colección General 
905 |a 101 
901 |a 0500118086  |b IT1  |c ACC  |u 20250521 
902 |a https://opac.biblio.iteso.mx/vufind/Record/000000639